| 000 | 01200nam a2200253Ia 4500 | ||
|---|---|---|---|
| 003 | OSt | ||
| 005 | 20210503114428.0 | ||
| 008 | 210310s2007 ck ad gr 000 0 spa d | ||
| 020 | _a9789584432735 | ||
| 040 |
_aCO-JMCR _cCO-JMCR |
||
| 041 | 0 | _aspa | |
| 082 | 0 | 4 |
_a302.14 / _bB919h _223 |
| 100 | 1 |
_aBucheli, Marietta, _915448 _eautora |
|
| 245 | 1 | 0 |
_aHacia la construcción de una racionalidad solidaria : _bestado del arte sobre el debate conceptual del término sector solidario aproximaciones para la construcción de un concepto / _cMarietta Bucheli |
| 250 | _aPrimera edición | ||
| 260 |
_aBogotá : _bPontificia Universidad Javeriana, _c2007 |
||
| 300 |
_a78 páginas : _bilustraciones y gráficas a blanco y negro ; _c24 cm. |
||
| 500 | _aIncluye notas a pie de página. "Convenio: Departamento Nacional de la Economía Solidaria, DanSocial, y la Pontifica Universidad Javeriana"--portada | ||
| 505 | 0 | _aEl sector solidario y la organización -- La propuesta dl la UNES para la construcción de una definición de sector solidario | |
| 650 | 1 | 4 |
_aSolidaridad _915450 _xAspectos sociales |
| 650 | 2 | 4 |
_aEconomía solidaria _937361 |
| 650 | 2 | 4 |
_aDesarrollo social _937362 |
| 942 |
_2ddc _cBK |
||
| 999 |
_c7784 _d7784 |
||